| 000 | 00000nam##2200000za#4500 |
| 001 | 9.572126 |
| 003 | CaOODSP |
| 005 | 20231208112822 |
| 007 | cr ||||||||||| |
| 008 | 150406|2004||||xxc|||||o f|0| 0 eng|d |
| 040 | |aCaOODSP|beng |
| 043 | |an-cn--- |
| 086 | 1 |aPS83-6/30E-PDF |
| 110 | 1 |aCorrectional Service Canada. |bResearch Branch. |
| 245 | 10|aSelected annotated bibliography - Aboriginal justice and corrections research / |h[electronic resource]|c[by] Shelley Trevethan, Nancy Steele & Lil Krstic. |
| 260 | |aOttawa - Ontario : |bCorrectional Service Canada. |cJune 2004. |
| 300 | |a88p. |
| 490 | 1 |aResearch brief|vNo. B-30 |
| 590 | |a11-28-Supp|b2011-11-17 |
| 720 | 1 |aTrevethan, Shelley |
| 720 | 1 |aSteele, Nancy |
| 720 | 1 |aKrstic, Lil |
| 775 | 08|tBibliographie choisie annotée : la justice et les Autochtones, et la recherche correctionnelle / |w(CaOODSP)9.602538 |
| 830 | #0|aResearch brief (Correctional Service Canada)|vNo. B-30|w(CaOODSP)9.506656 |
| 856 | 40|ahttp://publications.gc.ca|qPDF|s1003 KB|uhttps://publications.gc.ca/collections/collection_2011/scc-csc/PS83-6-30-eng.pdf|yNo. B-30 |